Countries with an EEZ smaller than 10,000 km² - Statistics

General Stats
  • This quiz has been taken 11 times
  • The average score is 6 of 14
Answers on the Grid
Answers color-coded by a green-red scale on the quiz's grid according to % correct below.
Bosnia and Herzegovina
Jordan
Slovenia
Monaco
Italy
China
Iraq
Singapore
Saint Kitts and Nevis
Montenegro
Djibouti
Lithuania
Belgium
Democratic Republic of the Congo
Mongolia
Switzerland
Guinea-Bissau
Trinidad and Tobago
Qatar
Bahrain
Gambia
Saint Lucia
Jamaica
Uruguay
El Salvador
Cambodia
Pakistan
Kuwait
Lebanon
Malta
Benin
Argentina
 
Answer Stats
Answer % Correct
Bosnia and Herzegovina
71%
Iraq
71%
Democratic Republic of the Congo
57%
Mongolia
57%
Singapore
57%
Switzerland
57%
Monaco
43%
Belgium
29%
Djibouti
29%
Jordan
29%
Slovenia
29%
Lithuania
14%
Montenegro
14%
Saint Kitts and Nevis
14%
No matching quizzes found
Score Distribution
Percent of People with Each Score
Percentile by Number Answered
Your Score History
You have not taken this quiz